000 00464nam a2200169 i 4500
001 129742
003 ES-MaACL
005 20230906193550.0
007 t|
008 070704s1933 it ||||1| ita d
100 1 _aZottoli, Angelandrea.
_9118371
245 1 3 _aIl sistema di Don Abbondio /
_cAngelandrea Zottoli.
260 _aBari :
_bLaterza,
_c1933.
300 _aXI,140 p. ;
_c20 cm.
600 0 4 _aManzoni, Alessandro.
_976238
852 _aES-MaACL
_jA-2735
999 _c129742
_d129742